| 000 | 00000nam##2200000za#4500 |
| 001 | 9.697937 |
| 003 | CaOODSP |
| 005 | 20210624235713 |
| 007 | cr ||||||||||| |
| 008 | 150407|2013||||xxc|||||o f|0| 0 eng|d |
| 020 | |a978-1-100-22326-1 |
| 040 | |aCaOODSP|beng |
| 043 | |an-cn--- |
| 086 | 1 |aM134-32/2-2013E-PDF |
| 110 | 1 |aCanada.|bNatural Resources Canada. |bOffice of Energy Efficiency. |
| 245 | 10|aCase study - Maple Leaf Foods Inc. reaps long-term benefits from process integration |h[electronic resource] |
| 260 | |aOttawa - Ontario : |bNatural Resources Canada. |cc2014. |
| 300 | |a4p.|bphotographs |
| 590 | |a15-06|b2015-02-06 |
| 690 | 07|aEnergy conservation|2gcpds |
| 775 | 08|tÉtude de cas - Aliments Maple Leaf inc. profite d'avantages à long terme grâce à l'intégration des procédés |w(CaOODSP)9.641927 |
| 856 | 40|ahttp://publications.gc.ca|qPDF|s691 KB|uhttps://publications.gc.ca/collections/collection_2015/rncan-nrcan/M134-32-2-2013-eng.pdf |